Oxford dictionary of current English / (Record no. 363401)
[ view plain ]
| 000 -LEADER | |
|---|---|
| fixed length control field | 00499nam a2200181Ia 4500 |
| 008 - FIXED-LENGTH DATA ELEMENTS--GENERAL INFORMATION | |
| fixed length control field | 200601s9999 xx 000 0 und d |
| 020 ## - INTERNATIONAL STANDARD BOOK NUMBER | |
| International Standard Book Number | 978-0-19-861437-1 |
| 050 ## - LIBRARY OF CONGRESS CALL NUMBER | |
| Classification number | REF PE 1628 |
| 050 ## - LIBRARY OF CONGRESS CALL NUMBER | |
| Item number | .O94 2006 |
| 245 #0 - TITLE STATEMENT | |
| Title | Oxford dictionary of current English / |
| 245 #0 - TITLE STATEMENT | |
| Statement of responsibility, etc | edited by Catherine Soanes with Sara Hawker and Julia Elliott. |
| 250 ## - EDITION STATEMENT | |
| Edition statement | 4th Edition |
| 260 ## - PUBLICATION, DISTRIBUTION, ETC. (IMPRINT) | |
| Place of publication, distribution, etc | Oxford : |
| 260 ## - PUBLICATION, DISTRIBUTION, ETC. (IMPRINT) | |
| Name of publisher, distributor, etc | Oxford University Press. |
| 260 ## - PUBLICATION, DISTRIBUTION, ETC. (IMPRINT) | |
| Date of publication, distribution, etc | 2006 |
| 300 ## - PHYSICAL DESCRIPTION | |
| Extent | 1081 pages : |
| 300 ## - PHYSICAL DESCRIPTION | |
| Dimensions | 18 cm. |
| Withdrawn status | Lost status | Damaged status | Home library | Current library | Shelving location | Date acquired | Total Checkouts | Full call number | Barcode | Date last seen | Price effective from | Koha item type |
|---|---|---|---|---|---|---|---|---|---|---|---|---|
| South Mansfield College | South Mansfield College | Reference Section | 01/18/2007 | REF PE 1628 .O94 2006 | SMC03642 | 06/01/2020 | 06/01/2020 | Books |